000
00325nam a22001457a 4500
008
230718b ||||| |||| 00| 0 eng d
020
_a
9780134217437
041
_a
eng
080
_2
ELEVENTH EDITION
_a
51
082
_a
51LIA
100
_a
23
101
_a
MATEM
245
_a
TRIGONOMETRY
_c
LIAL.HORNSBY
942
_2
udc
_c
BK
999
_c
60152
_d
60152